00885nam a2200253 a 450000100060000000300080000600500170001400800410003103500190007204000270009104100080011808200260012610000300015224500580018226000480024030000320028850000180032065000310033865100390036965100520040894200120046099900170047295201420048961384BD-RjUL20211209080944.0170117s1939 enk 001 0 eng  a(BD-RjUL)61508 aDLCcOTUdBD-RjULbeng aeng a382.094223bHEC 19391 aHeuser, Heinrich.918302010aControl of international trade /cby Heinrich Heuser. aLondon :bG. Routledge & sons, ltd. ,c1939 ax, 282 p. :bill. ;c23 cm. aInclude index 0aCommercial policy.9180359 0aEuropexCommercial policy.9183021 0aEuropexEconomic conditionsy1918-1945.9183022 2ddccBK c61384d61384 00102ddc40718NFICaRUCLbRUCLcReadingd1961-11-07eA. I. Qur.g515.00l0o382.094 HEC 1939r2017-01-17 00:00:00tC-1w2017-01-17yBK